000
00302nam a22001337a 4500
008
190223b xxu||||| |||| 00| 0 eng d
020
_a
9780131492288
041
_a
eng
080
_a
510
100
_a
36
101
_a
MAT
245
_a
Beginning and Intermediate Algebra
_c
Tobey, J
942
_2
udc
_c
BK
999
_c
54145
_d
54145